000
00324nam a2200133Ia 4500
008
220216s9999 xx 000 0 und d
100
_a
Marwede G W
245
0
_a
New challenges for elastomers in Europe
260
_b
Rubber India
_c
1995
300
_a
13-20
650
_a
Elastomers
700
_a
Sumner A J M
942
_c
JS
999
_c
63761
_d
63761